[Event "Moscow 88/246"]
[Site "?"]
[Date "2003.??.??"]
[Round "?"]
[White "Rublevsky, S."]
[Black "Ulibin, M."]
[Result "1/2-1/2"]
[WhiteElo "2644"]
[BlackElo "2581"]
[PlyCount "119"]
[EventDate "2003.??.??"]
[Source "Chess Informant"]
[SourceDate "2003.06.01"]

1. e4 e6 2. d4 d5 3. Nd2 Nf6 4. Bd3 c5 5. e5 Nfd7 6. c3 Nc6 7. Ne2 cxd4 8. cxd4 f6 9. exf6 Nxf6 10. O-O Bd6 11. Nf3 Qc7 12. Bg5 O-O 13. Rc1 h6 14. Bd2 Bd7 15. b4 a6 16. a4 Qb8 17. b5 axb5 18. axb5 Na5 19. Re1 Nc4 20. Bxc4 dxc4 21. Nc3 Ng4 22. g3 Be8 23. Qe2 Kh8 24. Ne5 Rxf2 25. Qxg4 Rxd2 26. Nxc4 Rd3 27. Qe4 Rxc3 28. Rxc3 Bb4 29. Rf3 Bh5 30. Ref1 Bxf3 31. Rxf3 Ra1+ 32. Kg2 Ra2+ 33. Kh3 Qe8 34. Ne5 Qh5+ 35. Qh4 Qxh4+ 36. gxh4 Rd2 37. Rf7 b6 38. Rd7 Bc3 39. Rd8+ Kh7 40. h5 Rxd4 41. Rc8 Rd5 42. Nf7 Rxh5+ 43. Kg4 Rc5 44. Rxc5 bxc5 45. b6 Ba5 46. b7 Bc7 47. Nd8 c4 48. Nxe6 Bb8 49. h3 c3 50. Nd4 Kg6 51. Kf3 Kg5 52. Ke4 g6 53. Nf3+ Kf6 54. Kd3 Kf5 55. Nd4+ Kf4 56. Kxc3 h5 57. Nc6 Bc7 58. Ne7 Kg3 59. Nxg6 Kxh3 60. Kd3 1/2-1/2

[Event "Nussloch"]
[Site "Nussloch"]
[Date "1996.??.??"]
[Round "3"]
[White "Hracek, Zbynek"]
[Black "Kindermann, Stefan"]
[Result "1/2-1/2"]
[WhiteElo "2650"]
[BlackElo "2575"]
[PlyCount "81"]
[EventDate "1996.05.??"]
[Source "ChessBase"]

1. e4 e6 2. d4 d5 3. Nd2 Nf6 4. e5 Nfd7 5. Bd3 c5 6. c3 Nc6 7. Ne2 cxd4 8. cxd4 f6 9. exf6 Nxf6 10. Nf3 Bd6 11. O-O O-O 12. Bg5 Bd7 13. a3 Be8 14. Ng3 h6 15. Be3 Nh5 16. Re1 Nxg3 17. hxg3 Bh5 18. Rc1 Qf6 19. Be2 Rac8 20. Qd2 Bxf3 21. gxf3 Bc7 22. f4 Bb6 23. Bg4 Ne7 24. a4 Rxc1 25. Rxc1 Nc6 26. b4 Nxd4 27. Bxd4 Bxd4 28. Bxe6+ Qxe6 29. Qxd4 b6 30. b5 Rd8 31. Kg2 Rd7 32. Qe5 Qf7 33. Qd4 Qe8 34. g4 Kf7 35. Kg3 Qe2 36. f3 Qe6 37. Rd1 Qe2 38. f5 Rd8 39. Rc1 Rd7 40. Rd1 Qe7 41. Rd2 1/2-1/2

[Event "6. EICC"]
[Site "?"]
[Date "2005.07.01"]
[Round "13"]
[White "Azarov Sergei"]
[Black "Navara David"]
[Result "1-0"]
[WhiteElo "2572"]
[BlackElo "2647"]
[PlyCount "121"]
[EventDate "2005.??.??"]
[Source "www.chesslib.no"]
[SourceDate "2004.05.04"]

1. e4 e6 2. d4 d5 3. Nd2 Nf6 4. e5 Nfd7 5. Bd3 c5 6. c3 Nc6 7. Ne2 cxd4 8. cxd4 f6 9. exf6 Nxf6 10. O-O Bd6 11. Nf3 Qc7 12. Bg5 O-O 13. Rc1 Bd7 14. Ng3 h6 15. Bd2 Qb6 16. Bc3 Bf4 17. Rc2 Nb4 18. Bxb4 Qxb4 19. Ne5 Bxe5 20. dxe5 Ng4 21. Re2 Qf4 22. Qc1 Rac8 23. Qxf4 Rxf4 24. f3 Rd4 25. Bg6 Nxh2 26. Kxh2 Bb5 27. f4 Bxe2 28. Nxe2 Rd2 29. Ng3 Rc4 30. b3 Rcd4 31. Kh3 Rd1 32. Rf3 Re1 33. Nh5 Rd2 34. Rc3 Kf8 35. Rc7 Rh1+ 36. Kg3 Rg1 37. Rf7+ Ke8 38. Nxg7+ Kd8 39. Nxe6+ Kc8 40. Kf3 Rdxg2 41. Bf5 Rg3+ 42. Kf2 R1g2+ 43. Kf1 Rg1+ 44. Ke2 R1g2+ 45. Kd1 Rg1+ 46. Kc2 R1g2+ 47. Kc1 Rf2 48. Nd4+ Kd8 49. Bc2 Ke8 50. e6 Re3 51. Rxb7 Re1+ 52. Kb2 Rxf4 53. Bg6+ Kd8 54. e7+ Kc8 55. Rxa7 Rxd4 56. e8=Q+ Rxe8 57. Bxe8 Kb8 58. Rh7 Rd2+ 59. Kb1 Rh2 60. a4 d4 61. Bb5 1-0

[Event "Campionato europeo 2007"]
[Site "Dresda GER"]
[Date "2007.04.05"]
[Round "3"]
[White "Palac, Mladen"]
[Black "Volkov, Sergey"]
[Result "1/2-1/2"]
[WhiteElo "2568"]
[BlackElo "2640"]
[PlyCount "160"]
[EventDate "2007.04.03"]
[Source "www.chesslib.no"]
[SourceDate "2004.05.04"]

1. e4 e6 2. d4 d5 3. Nd2 Nf6 4. e5 Nfd7 5. c3 c5 6. Bd3 Nc6 7. Ne2 cxd4 8. cxd4 f6 9. exf6 Nxf6 10. Nf3 Bd6 11. O-O O-O 12. Bf4 Bxf4 13. Nxf4 Ne4 14. g3 Qf6 15. h4 h6 16. Kg2 Bd7 17. Bb5 Be8 18. h5 Rb8 19. Rc1 Ng5 20. Bxc6 bxc6 21. Ne5 Rxb2 22. Rc2 Rb4 23. Qd3 Ra4 24. Nfg6 Bxg6 25. hxg6 Rc8 26. Rb1 Ne4 27. Rb7 c5 28. f3 Nd6 29. Rf7 Qd8 30. Rd7 Qf8 31. dxc5 Nf5 32. Qb3 Qf6 33. f4 Rc4 34. Nxc4 dxc4 35. Rxc4 Qxg6 36. c6 Qe8 37. Qd3 Ne7 38. Qd6 Nf5 39. Qd3 Ne7 40. Qd4 Nf5 41. Qe4 h5 42. Qd3 Ne7 43. f5 Nxf5 44. c7 Ne3+ 45. Kg1 Nxc4 46. Rd8 Nb6 47. Rxe8+ Rxe8 48. Qg6 Re7 49. Qc2 Re8 50. Qg6 Re7 51. Qd3 Re8 52. Qd8 Kf7 53. a4 Nc8 54. a5 Ne7 55. Kf2 g5 56. Kf3 Rg8 57. Qd4 Nc8 58. Qd7+ Ne7 59. Ke4 g4 60. Qd4 a6 61. Qf2+ Ke8 62. Qc5 Kd7 63. Qxh5 Kxc7 64. Qe5+ Kd7 65. Qh5 Rb8 66. Qc5 Nc6 67. Qc3 Rb5 68. Kf4 Rxa5 69. Kxg4 Rd5 70. Kh4 a5 71. g4 Ne7 72. g5 e5 73. Qb3 Rd6 74. Qa4+ Rc6 75. Kh5 Kc8 76. Qxa5 Re6 77. Qa2 Kd7 78. Qa7+ Ke8 79. Qa8+ Kd7 80. Qb7+ Kd8 1/2-1/2

[Event "5th Open"]
[Site "Dubai"]
[Date "2003.04.24"]
[Round "5"]
[White "Motylev, Alexander"]
[Black "Gleizerov, Evgeny"]
[Result "1/2-1/2"]
[WhiteElo "2634"]
[BlackElo "2574"]
[PlyCount "41"]
[EventDate "2003.04.21"]
[Source "Roberto Alvarez"]
[SourceDate "2003.05.05"]

1. e4 e6 2. d4 d5 3. Nd2 Nf6 4. e5 Nfd7 5. Bd3 c5 6. c3 Nc6 7. Ne2 cxd4 8. cxd4 f6 9. exf6 Nxf6 10. Nf3 Bd6 11. O-O O-O 12. Bf4 Bxf4 13. Nxf4 Qb6 14. Qd2 Kh8 15. Ng5 Nxd4 16. Bxh7 Nxh7 17. Ng6+ Kg8 18. Ne7+ Kh8 19. Ng6+ Kg8 20. Ne7+ Kh8 21. Ng6+ 1/2-1/2

[Event "ETCC"]
[Site "Crete GRE"]
[Date "2007.10.30"]
[Round "3"]
[White "Kotronias, V."]
[Black "Berg, E."]
[Result "0-1"]
[WhiteElo "2614"]
[BlackElo "2593"]
[PlyCount "132"]
[EventDate "2007.10.28"]
[Source "www.chesslib.no"]
[SourceDate "2004.05.04"]

1. e4 e6 2. d4 d5 3. Nd2 Nf6 4. e5 Nfd7 5. c3 c5 6. Bd3 Nc6 7. Ne2 cxd4 8. cxd4 f6 9. exf6 Nxf6 10. Nf3 Qc7 11. O-O Bd6 12. Bg5 O-O 13. Rc1 h6 14. Bh4 Nh5 15. Bg3 Nxg3 16. Nxg3 Qf7 17. Qe2 Bd7 18. Bb1 g5 19. Rcd1 Bf4 20. Ne5 Nxe5 21. dxe5 Be8 22. Rde1 h5 23. f3 h4 24. Nh1 g4 25. g3 hxg3 26. hxg3 gxf3 27. Rxf3 Qg7 28. Qh2 Bh6 29. Rxf8+ Kxf8 30. Qh3 Bf7 31. Rf1 Be3+ 32. Nf2 Ke7 33. Qh4+ Kd7 34. Kg2 Rg8 35. Ng4 Bg5 36. Qh7 Qxh7 37. Bxh7 Rg7 38. Bd3 Kc6 39. Nf6 Kc5 40. Nh7 Be3 41. Nf8 Kd4 42. Bg6 Bg8 43. Kf3 Bg5 44. Kg4 Be7 45. Kh5 Bxf8 46. Rxf8 Bh7 47. Bxh7 Rxh7+ 48. Kg6 Rh2 49. Rb8 Kxe5 50. Rxb7 d4 51. g4 Kf4 52. g5 e5 53. Rf7+ Ke3 54. Rxa7 d3 55. Kf5 e4 56. g6 Rxb2 57. g7 Rf2+ 58. Ke6 Rg2 59. Kf7 d2 60. Rd7 Ke2 61. a4 e3 62. a5 d1=Q 63. Rxd1 Kxd1 64. a6 e2 65. a7 e1=Q 66. a8=Q Rf2+ 0-1

[Event "It (open)"]
[Site "Taby (Sweden)"]
[Date "2007.08.09"]
[Round "8"]
[White "Wang Hao (CHN)"]
[Black "Berg Emanuel (SWE)"]
[Result "1/2-1/2"]
[WhiteElo "2624"]
[BlackElo "2581"]
[PlyCount "75"]
[EventDate "2007.??.??"]
[Source "www.chesslib.no"]
[SourceDate "2004.05.04"]

1. e4 e6 2. d4 d5 3. Nd2 Nf6 4. e5 Nfd7 5. Bd3 c5 6. c3 Nc6 7. Ne2 cxd4 8. cxd4 f6 9. Nf4 Nxd4 10. Qh5+ Ke7 11. exf6+ Nxf6 12. Ng6+ hxg6 13. Qxh8 Kf7 14. Qh4 e5 15. Nf3 Nxf3+ 16. gxf3 Bf5 17. Bxf5 gxf5 18. Bg5 Qa5+ 19. Kf1 g6 20. Qh8 Qb6 21. Rc1 Re8 22. Bxf6 Qxf6 23. Qh7+ Qg7 24. Rc7+ Re7 25. Rxe7+ Kxe7 26. Qh4+ g5 27. Qh5 Qh6 28. Qxh6 Bxh6 29. h4 Ke6 30. Ke2 a5 31. b3 gxh4 32. Rxh4 Bf8 33. Rh8 Kf7 34. Rh7+ Bg7 35. Rh1 Bf8 36. Rc1 Bd6 37. Rc8 f4 38. Kd3 1/2-1/2

[Event "Port Erin 83/249"]
[Site "?"]
[Date "2001.??.??"]
[Round "?"]
[White "Tiviakov, S."]
[Black "Gleizerov, E."]
[Result "1-0"]
[WhiteElo "2618"]
[BlackElo "2587"]
[PlyCount "81"]
[EventDate "2001.??.??"]
[Source "Chess Informant"]
[SourceDate "2001.10.01"]

1. e4 e6 2. d4 d5 3. Nd2 Nf6 4. e5 Nfd7 5. c3 c5 6. Bd3 Nc6 7. Ne2 cxd4 8. cxd4 f6 9. exf6 Nxf6 10. O-O Bd6 11. Nf3 Qc7 12. Bg5 O-O 13. Rc1 Ng4 14. Ng3 h6 15. Bd2 Qe7 16. Bb1 Bd7 17. Bc3 Be8 18. Qd3 g5 19. Rce1 Bxg3 20. fxg3 Nf6 21. Qe3 Bd7 22. h4 Ng4 23. Qd3 Rf7 24. hxg5 hxg5 25. Bd2 Rg7 26. Bxg5 Qe8 27. Bh4 Qh5 28. Qd1 Rf8 29. Nh2 Rxf1+ 30. Rxf1 e5 31. Qf3 e4 32. Qf8+ Kh7 33. Nxg4 Bxg4 34. Bf6 Rg8 35. Qd6 Qf7 36. Be5 Bf5 37. Rf4 Rg4 38. Bc2 Rxf4 39. gxf4 Ne7 40. Bd1 e3 41. Qa3 1-0

[Event "Skolernes Skakklub"]
[Site "Aarhus"]
[Date "1997.06.21"]
[Round "2"]
[White "Stefansson, Hannes"]
[Black "Rozentalis, Eduardas"]
[Result "1-0"]
[WhiteElo "2555"]
[BlackElo "2650"]
[PlyCount "73"]
[EventDate "1997.06.20"]
[Source "ChessBase"]
[SourceDate "1997.10.13"]

1. e4 e6 2. d4 d5 3. Nd2 Nf6 4. e5 Nfd7 5. Bd3 c5 6. c3 Nc6 7. Ne2 cxd4 8. cxd4 f6 9. exf6 Nxf6 10. O-O Bd6 11. Nf3 Qb6 12. Nc3 O-O 13. Be3 Bd7 14. Re1 Rae8 15. Ne5 Re7 16. Nxd7 Rxd7 17. a3 a6 18. h3 Qc7 19. Qd2 Rdf7 20. Rac1 Nh5 21. Qd1 g6 22. Qg4 Bh2+ 23. Kh1 Qd6 24. Bh6 Ng7 25. Bxg7 Rxg7 26. Rxe6 Qf4 27. Qd1 Nxd4 28. Ne2 Nxe2 29. Bxe2 Rd7 30. Bg4 Rdd8 31. Re2 d4 32. g3 Bxg3 33. fxg3 Qxg3 34. Qg1 Qf4 35. Re7 d3 36. Rcc7 Qh6 37. Qe1 1-0

[Event "Munich"]
[Site "Munich"]
[Date "1991.??.??"]
[Round "4"]
[White "Wahls, Matthias"]
[Black "Beliavsky, Alexander G"]
[Result "1-0"]
[WhiteElo "2560"]
[BlackElo "2640"]
[PlyCount "53"]
[EventDate "1991.05.??"]
[Source "ChessBase"]

1. e4 e6 2. d4 d5 3. Nd2 Nf6 4. e5 Nfd7 5. c3 c5 6. Bd3 Nc6 7. Ne2 cxd4 8. cxd4 f6 9. exf6 Nxf6 10. Nf3 Qc7 11. O-O Bd6 12. g3 O-O 13. Bf4 Bxf4 14. Nxf4 Bd7 15. Re1 Qd6 16. Rc1 Rae8 17. Ne5 g5 18. Nh5 Re7 19. Nxf6+ Rxf6 20. Bb5 Be8 21. Bxc6 bxc6 22. Rc5 h5 23. Qc1 Rg7 24. Nxc6 Qf8 25. Re2 Bxc6 26. Rxc6 Qf7 27. Rcxe6 1-0

[Event "Riga LAT"]
[Site "Riga LAT"]
[Date "1988.??.??"]
[Round "?"]
[White "Karpov, Anatoly"]
[Black "Savchenko, Stanislav"]
[Result "1-0"]
[WhiteElo "2715"]
[BlackElo "2480"]
[PlyCount "72"]
[EventDate "1988.??.??"]
[Source "www.chesslib.no"]
[SourceDate "2004.05.04"]

1. e4 e6 2. d4 d5 3. Nd2 Nf6 4. e5 Nfd7 5. Bd3 c5 6. c3 Nc6 7. Ne2 cxd4 8. cxd4 f6 9. exf6 Nxf6 10. Nf3 Bd6 11. O-O O-O 12. Bf4 Bxf4 13. Nxf4 Ne4 14. Nh5 Bd7 15. Ne5 Nxe5 16. dxe5 Nxf2 17. Rxf2 Rxf2 18. Kxf2 Qb6+ 19. Kg3 Qxb2 20. Qe1 Rc8 21. Qe3 Rc3 22. Rd1 h6 23. Nxg7 Bb5 24. Nxe6 Qa3 25. Nf4 Qa4 26. Rd2 Qe4 27. Kf2 Bxd3 28. Nxd3 Qf5+ 29. Qf3 Qg5 30. Qxd5+ Kg7 31. Ke2 Rc7 32. Qf3 Kh7 33. Qe4+ Kh8 34. Nf4 Qg4+ 35. Qf3 Qg5 36. e6 Rc1 1-0

[Event "Russia 73/316"]
[Site "?"]
[Date "1998.??.??"]
[Round "?"]
[White "Rublevsky, Sergei"]
[Black "Dyachkov, Sergej"]
[Result "1-0"]
[WhiteElo "2685"]
[BlackElo "2510"]
[PlyCount "55"]
[EventDate "1998.??.??"]
[Source "ChessBase"]
[SourceDate "1998.06.01"]

1. e4 e6 2. d4 d5 3. Nd2 Nf6 4. Bd3 c5 5. e5 Nfd7 6. c3 Nc6 7. Ne2 cxd4 8. cxd4 f6 9. exf6 Qxf6 10. O-O Nxd4 11. Nxd4 Qxd4 12. Nf3 Qf6 13. Bg5 Qf7 14. Qc2 Bd6 15. Rac1 Qh5 16. Qxc8+ Rxc8 17. Rxc8+ Kf7 18. Rxh8 Bxh2+ 19. Nxh2 Qxg5 20. Nf3 Qf6 21. Rc1 Qxb2 22. Rc7 Ke7 23. Rb8 Kd6 24. Rbxb7 Qa1+ 25. Bf1 Nc5 26. Rxa7 h6 27. Rxg7 d4 28. Rg8 1-0

[Event "Open Aeroflot"]
[Site "Mosca RUS"]
[Date "2007.02.18"]
[Round "5"]
[White "Wang Hao"]
[Black "Ganguly, S."]
[Result "1-0"]
[WhiteElo "2619"]
[BlackElo "2571"]
[PlyCount "86"]
[EventDate "2007.02.14"]
[Source "www.chesslib.no"]
[SourceDate "2004.05.04"]

1. e4 e6 2. d4 d5 3. Nd2 Nf6 4. e5 Nfd7 5. Bd3 c5 6. c3 Nc6 7. Ne2 cxd4 8. cxd4 f6 9. Nf4 Nxd4 10. Qh5+ Ke7 11. exf6+ Nxf6 12. Ng6+ hxg6 13. Qxh8 Kf7 14. Qh4 e5 15. Nf3 Nxf3+ 16. gxf3 Bf5 17. Bxf5 gxf5 18. Bg5 Qa5+ 19. Kf1 g6 20. Qh8 Qd8 21. Rc1 Bd6 22. Qh4 Qh8 23. Bxf6 Qxf6 24. Qh7+ Qg7 25. Qxg7+ Kxg7 26. Rd1 d4 27. f4 e4 28. Rxd4 Bxf4 29. Rd7+ Kf6 30. Rxb7 g5 31. h4 g4 32. h5 Bh6 33. Kg2 Rd8 34. Rxa7 Rd6 35. Re1 Bd2 36. Rd1 f4 37. h6 e3 38. h7 Rd8 39. fxe3 fxe3 40. Kf1 g3 41. Ke2 Ke5 42. Rg7 Rf8 43. Rg8 Kd5 1-0

[Event "Haifa"]
[Site "?"]
[Date "1995.??.??"]
[Round "?"]
[White "Svidler, P."]
[Black "Gurevich, M."]
[Result "1/2-1/2"]
[WhiteElo "2585"]
[BlackElo "2605"]
[PlyCount "93"]
[EventDate "1995.??.??"]
[Source "ChessBase"]
[SourceDate "1995.02.01"]

1. e4 e6 2. d4 d5 3. Nd2 Nf6 4. e5 Nfd7 5. c3 c5 6. Bd3 Nc6 7. Ne2 cxd4 8. cxd4 f6 9. exf6 Nxf6 10. Nf3 Qc7 11. O-O Bd6 12. Bg5 O-O 13. Bh4 e5 14. dxe5 Nxe5 15. Nxe5 Bxe5 16. Bg3 Bxg3 17. Nxg3 Qb6 18. Qd2 Bd7 19. Rfe1 Rae8 20. h3 Bb5 21. Bc2 Rxe1+ 22. Rxe1 Re8 23. Rxe8+ Bxe8 24. Bb3 Bf7 25. Nf5 Be6 26. Qf4 Kf7 27. Nd4 Qc5 28. Nf3 h6 29. Qb8 Kg6 30. Qf4 Kf7 31. Ne5+ Ke7 32. Nd3 Qd6 33. Qa4 a6 34. Qd4 b6 35. Ba4 a5 36. Ne5 Kf8 37. a3 Qc5 38. Qd2 Kg8 39. b4 axb4 40. axb4 Qc7 41. Qd4 Qc1+ 42. Kh2 Ne4 43. Nd3 Qc7+ 44. f4 Bf7 45. Be8 Nf6 46. Bb5 Bg6 47. Ne5 1/2-1/2

[Event "CADAP"]
[Site "?"]
[Date "2001.03.31"]
[Round "?"]
[White "Neumann Joachim (GER)"]
[Black "Gouw Carol-Peter Th.(NED"]
[Result "0-1"]
[WhiteElo "2677"]
[BlackElo "2510"]
[PlyCount "116"]
[EventDate "2001.??.??"]
[Source "www.chesslib.no"]
[SourceDate "2004.05.04"]

1. e4 e6 2. d4 d5 3. Nd2 Nf6 4. e5 Nfd7 5. c3 c5 6. Bd3 Nc6 7. Ne2 Qb6 8. Nf3 cxd4 9. cxd4 f6 10. exf6 Nxf6 11. O-O Bd6 12. b3 O-O 13. Bf4 Bxf4 14. Nxf4 Ne4 15. Ne2 Bd7 16. Bxe4 dxe4 17. Ng5 Rad8 18. Nxe4 Be8 19. Ng5 Rf6 20. Qd3 Bg6 21. Qe3 Nb4 22. Qc3 h6 23. Nh3 Nd5 24. Qb2 Bf5 25. Nhf4 Nxf4 26. Nxf4 Qxd4 27. Qxd4 Rxd4 28. Ne2 Rd2 29. Nc3 Rf8 30. Rfd1 Rb2 31. Rd7 e5 32. Rxb7 Rc2 33. Rc7 Rd8 34. h3 Rdd2 35. g4 Bg6 36. Nb5 Rb2 37. Rc8+ Kh7 38. Rf8 Rd3 39. Nxa7 Be4 40. Kh2 g6 41. Rf1 Kg7 42. Rc8 Rf3 43. Nc6 Rc2 44. Nxe5 Rxc8 45. Nxf3 Bxf3 46. Re1 Rc2 47. Kg3 Bd5 48. Rd1 Bf7 49. Ra1 Kf6 50. h4 Bd5 51. Rd1 Rc3+ 52. Kh2 Ke5 53. f4+ Ke4 54. Rd2 Bc6 55. f5 gxf5 56. gxf5 Kxf5 57. a4 Rxb3 58. Rd6 Be4 0-1

[Event "EU-ch 2nd"]
[Site "Ohrid"]
[Date "2001.06.13"]
[Round "12"]
[White "Lastin, Alexander"]
[Black "Volkov, Sergey"]
[Result "1/2-1/2"]
[WhiteElo "2627"]
[BlackElo "2558"]
[PlyCount "25"]
[EventDate "2001.06.01"]
[Source "ChessBase"]
[SourceDate "2001.09.13"]

1. e4 e6 2. d4 d5 3. Nd2 Nf6 4. e5 Nfd7 5. Bd3 c5 6. c3 Nc6 7. Ne2 cxd4 8. cxd4 f6 9. exf6 Nxf6 10. O-O Bd6 11. Nf3 O-O 12. Bf4 Bxf4 13. Nxf4 1/2-1/2

[Event "RUS-ch51"]
[Site "St Petersburg"]
[Date "1998.08.02"]
[Round "6"]
[White "Smagin, Sergey"]
[Black "Volkov, Sergey"]
[Result "1-0"]
[WhiteElo "2575"]
[BlackElo "2605"]
[PlyCount "83"]
[EventDate "1998.07.28"]
[Source "ChessBase"]
[SourceDate "1998.11.30"]

1. e4 e6 2. d4 d5 3. Nd2 Nf6 4. e5 Nfd7 5. c3 c5 6. Bd3 Nc6 7. Ne2 cxd4 8. cxd4 f6 9. exf6 Qxf6 10. Nf3 h6 11. O-O Bd6 12. Be3 O-O 13. Bb5 Ndb8 14. Rc1 Bd7 15. Qd2 Nb4 16. Bxd7 Nxd7 17. Bf4 Bxf4 18. Nxf4 Nxa2 19. Rc7 Qxf4 20. Qxf4 Rxf4 21. Rxd7 Rf7 22. Rxf7 Kxf7 23. Ne5+ Kf6 24. Nd3 Rc8 25. Ra1 Rc4 26. Rxa2 Rxd4 27. Ne1 Rd2 28. Kf1 a6 29. Nf3 Rc2 30. Nd4 Rc4 31. Nb3 g5 32. h3 h5 33. Nd2 Rb4 34. b3 e5 35. Rc2 a5 36. Rc5 Rd4 37. Ke2 b6 38. Rc6+ Kf5 39. Rxb6 a4 40. Nf1 e4 41. Ne3+ Ke5 42. Nc2 1-0

[Event "Toronto op"]
[Site "Toronto"]
[Date "1998.05.16"]
[Round "5"]
[White "Kudrin, Sergey"]
[Black "Rozentalis, Eduardas"]
[Result "1-0"]
[WhiteElo "2565"]
[BlackElo "2610"]
[PlyCount "65"]
[EventDate "1998.05.14"]
[Source "ChessBase"]
[SourceDate "1998.09.09"]

1. e4 e6 2. d4 d5 3. Nd2 Nf6 4. e5 Nfd7 5. Bd3 c5 6. c3 Nc6 7. Ne2 cxd4 8. cxd4 f6 9. exf6 Nxf6 10. Nf3 Qb6 11. O-O Bd6 12. Nc3 O-O 13. a3 Bd7 14. Re1 Rae8 15. Bg5 Ng4 16. Bh4 g6 17. h3 Nh6 18. Na4 Qc7 19. Rc1 Nf5 20. Bg5 Qb8 21. Nc5 Bxc5 22. dxc5 b6 23. b4 bxc5 24. Rxc5 Qd6 25. Bxf5 Rxf5 26. Bh4 d4 27. Nd2 Qf8 28. Ne4 e5 29. Qb3+ Kh8 30. Qd5 Nb8 31. Rc7 Be6 32. Qd6 a6 33. Be7 1-0

[Event "LXI Lega superiore camp. russo"]
[Site "Novokuznetsk RUS"]
[Date "2008.09.06"]
[Round "4"]
[White "Timofeev, Arty"]
[Black "Maslak, K."]
[Result "1/2-1/2"]
[WhiteElo "2650"]
[BlackElo "2521"]
[PlyCount "105"]
[EventDate "2008.09.03"]
[Source "www.chesslib.no"]
[SourceDate "2004.05.04"]

1. e4 e6 2. d4 d5 3. Nd2 Nf6 4. e5 Nfd7 5. Bd3 c5 6. c3 Nc6 7. Ne2 cxd4 8. cxd4 f6 9. exf6 Nxf6 10. Nf3 Bd6 11. O-O Qc7 12. Bg5 O-O 13. Nc3 a6 14. Rc1 Ng4 15. h3 Nh2 16. Nxh2 Bxh2+ 17. Kh1 Bf4 18. Bxf4 Qxf4 19. Ne2 Qh4 20. f4 Bd7 21. Qd2 Qf6 22. a3 Be8 23. f5 Bd7 24. Nf4 exf5 25. Nxd5 Qd6 26. Qf4 Qxf4 27. Nxf4 g5 28. Bc4+ Kg7 29. Nd3 Rad8 30. d5 Ne7 31. Rfe1 Rfe8 32. Ba2 Ng6 33. Rxe8 Bxe8 34. Rc7+ Rd7 35. Rc8 Bf7 36. Nc5 Ne7 37. Ra8 Rc7 38. d6 Rxc5 39. dxe7 Re5 40. Bxf7 Kxf7 41. Rh8 Rxe7 42. Rxh7+ Ke6 43. Rh6+ Ke5 44. Rb6 f4 45. Kg1 Kf5 46. Kf2 g4 47. hxg4+ Kxg4 48. a4 Kf5 49. a5 Kg4 50. Rg6+ Kf5 51. Rb6 Kg4 52. Rg6+ Kf5 53. Rb6 1/2-1/2

[Event "Pula zt 1.2"]
[Site "Pula"]
[Date "2000.04.15"]
[Round "5"]
[White "Psakhis, Lev"]
[Black "Hertneck, Gerald"]
[Result "1/2-1/2"]
[WhiteElo "2599"]
[BlackElo "2571"]
[PlyCount "31"]
[EventDate "2000.04.11"]
[Source "ChessBase"]
[SourceDate "2000.07.27"]

1. e4 e6 2. d4 d5 3. Nd2 Nf6 4. e5 Nfd7 5. c3 c5 6. Bd3 Nc6 7. Ne2 cxd4 8. cxd4 f6 9. exf6 Qxf6 10. Nf3 h6 11. O-O Bd6 12. Bc2 O-O 13. Be3 Rf7 14. Ng3 Nf8 15. Qd2 Bd7 16. a3 1/2-1/2

[Event "Leon 83/248"]
[Site "?"]
[Date "2001.??.??"]
[Round "?"]
[White "Tiviakov, S."]
[Black "Hertneck, G."]
[Result "1-0"]
[WhiteElo "2599"]
[BlackElo "2570"]
[PlyCount "41"]
[EventDate "2001.??.??"]
[Source "Chess Informant"]
[SourceDate "2001.10.01"]

1. e4 e6 2. d4 d5 3. Nd2 Nf6 4. e5 Nfd7 5. c3 c5 6. Bd3 Nc6 7. Ne2 cxd4 8. cxd4 f6 9. exf6 Qxf6 10. Nf3 h6 11. O-O Bd6 12. Ng3 O-O 13. Bc2 Rd8 14. Re1 Nf8 15. Ne5 Bxe5 16. dxe5 Qh4 17. Nh5 Rd7 18. Re3 Rf7 19. f4 Qd8 20. Rg3 Ne7 21. Nf6+ 1-0

[Event "Campionato europeo 2007"]
[Site "Dresda GER"]
[Date "2007.04.14"]
[Round "11.12"]
[White "Nevednichy, Vladislav"]
[Black "Volkov, Sergey"]
[Result "1/2-1/2"]
[WhiteElo "2528"]
[BlackElo "2640"]
[PlyCount "21"]
[EventDate "2007.04.03"]
[Source "www.chesslib.no"]
[SourceDate "2004.05.04"]

1. e4 e6 2. d4 d5 3. Nd2 Nf6 4. e5 Nfd7 5. Bd3 c5 6. c3 Nc6 7. Ne2 cxd4 8. cxd4 f6 9. exf6 Nxf6 10. O-O Bd6 11. Nf3 1/2-1/2

[Event "Match \"]
[Site "Ohrid YUG"]
[Date "1972.??.??"]
[Round "3"]
[White "Matulovic, Milan"]
[Black "Korchnoi, Viktor L"]
[Result "0-1"]
[WhiteElo "2525"]
[BlackElo "2640"]
[PlyCount "113"]
[EventDate "1972.??.??"]
[Source "www.chesslib.no"]
[SourceDate "2004.05.04"]

1. e4 e6 2. d4 d5 3. Nd2 Nf6 4. e5 Nfd7 5. Bd3 c5 6. c3 Nc6 7. Ne2 cxd4 8. cxd4 f6 9. exf6 Qxf6 10. Nf3 e5 11. dxe5 Ndxe5 12. Nxe5 Bb4+ 13. Bd2 Bxd2+ 14. Qxd2 Qxe5 15. O-O O-O 16. Bb5 Bg4 17. f3 Be6 18. Rfe1 Qd6 19. Rac1 Rf6 20. Bxc6 bxc6 21. Qc3 Bd7 22. Qc5 Qxc5+ 23. Rxc5 Re8 24. Kf2 Rfe6 25. Rcc1 Kf7 26. Nf4 Rxe1 27. Rxe1 Rxe1 28. Kxe1 Bf5 29. h4 a5 30. Kd2 d4 31. a3 c5 32. g4 Bg6 33. h5 Bb1 34. g5 h6 35. gxh6 gxh6 36. Ne2 a4 37. Ng3 Ke6 38. f4 Kd5 39. Kc1 Bd3 40. Kd2 Bb1 41. Kc1 Bd3 42. Kd2 c4 43. Kc1 c3 44. Nh1 Kc4 45. Ng3 Kb3 46. bxc3 dxc3 47. f5 Kxa3 48. f6 Bc4 49. Nf5 Kb4 50. Nd4 a3 51. Kb1 Bf7 52. Nc6+ Kc5 53. Ne5 a2+ 54. Ka1 c2 55. Nd3+ Kd4 56. Nc1 Ke5 57. Nd3+ 0-1

[Event "1st Pfalz Open"]
[Site "Neustadt a.d. Weinstrasse GER"]
[Date "2008.02.18"]
[Round "4"]
[White "Tiviakov, S."]
[Black "Dgebuadze, A."]
[Result "1-0"]
[WhiteElo "2649"]
[BlackElo "2512"]
[PlyCount "73"]
[EventDate "2008.02.16"]
[Source "www.chesslib.no"]
[SourceDate "2004.05.04"]

1. e4 e6 2. d4 d5 3. Nd2 Nf6 4. e5 Nfd7 5. c3 c5 6. Bd3 Nc6 7. Ne2 Qb6 8. Nf3 cxd4 9. cxd4 f6 10. exf6 Nxf6 11. O-O Bd6 12. b3 O-O 13. Bb2 Bd7 14. Nc3 Nb4 15. Bb1 Be8 16. Ne5 Bh5 17. Qd2 Rac8 18. h3 a5 19. Re1 Nc6 20. Nxc6 Rxc6 21. Bd3 Bb4 22. a3 Bxc3 23. Bxc3 Qxb3 24. Bxa5 Ne4 25. Rxe4 dxe4 26. Bxe4 Rc4 27. Rb1 Qa4 28. Bb4 Rd8 29. Qg5 Rcxd4 30. Re1 Bf7 31. Bc3 h6 32. Qe5 b6 33. Re3 Kf8 34. Rf3 R8d7 35. Bg6 Rd1+ 36. Kh2 Ke8 37. Qb8+ 1-0

[Event "Metz op"]
[Site "Metz"]
[Date "2001.04.10"]
[Round "4"]
[White "Palac, Mladen"]
[Black "Dgebuadze, Alexandre"]
[Result "1/2-1/2"]
[WhiteElo "2605"]
[BlackElo "2555"]
[PlyCount "56"]
[EventDate "2001.04.07"]
[Source "ChessBase"]
[SourceDate "2001.05.06"]

1. e4 e6 2. d4 d5 3. Nd2 Nf6 4. e5 Nfd7 5. c3 c5 6. Bd3 Nc6 7. Ne2 cxd4 8. cxd4 f6 9. exf6 Nxf6 10. O-O Bd6 11. Nf3 Qc7 12. Bg5 O-O 13. Bh4 Bd7 14. Nc3 Bf4 15. Re1 Rae8 16. Bc2 Re7 17. Ba4 Be8 18. Bxc6 bxc6 19. Ne5 c5 20. Bg3 Bxg3 21. hxg3 Qb6 22. dxc5 Qxc5 23. Rc1 Qb6 24. Qd2 Nh5 25. Nf3 Nf6 26. Re5 Bg6 27. Rce1 Be4 28. Qd4 Rb8 1/2-1/2

[Event "RUS-ch m5-8"]
[Site "Elista"]
[Date "1997.05.24"]
[Round "2.7"]
[White "Rublevsky, Sergei"]
[Black "Ivanov, Sergey"]
[Result "1-0"]
[WhiteElo "2645"]
[BlackElo "2515"]
[PlyCount "51"]
[EventDate "1997.05.19"]
[Source "ChessBase"]
[SourceDate "1997.08.01"]

1. e4 e6 2. d4 d5 3. Nd2 Nf6 4. Bd3 c5 5. e5 Nfd7 6. c3 Nc6 7. Ne2 cxd4 8. cxd4 f6 9. exf6 Qxf6 10. O-O Bd6 11. Nf3 h6 12. Ng3 O-O 13. Bb1 Rd8 14. Re1 Nf8 15. Ne5 Bd7 16. f4 Rac8 17. Be3 Be8 18. Qd3 Bxe5 19. fxe5 Qe7 20. Qe2 Bg6 21. Bxg6 Nxg6 22. Qg4 Kh7 23. Rf1 Rf8 24. a3 a5 25. Rxf8 Nxf8 26. Qe2 1-0